000 01618nam0a22003131 4500
001 RU\NLR\A1DV\32699
005 20251203152403.2
035 _a(NLR Aleph) 010777698
090 _a10051427
_c10051427
100 _a20251214 rusy50
101 0 _arus
102 _aRU
105 _aa z 000yy
200 1 _aСобрание видов села Городни и его окрестностей в семи верстах от Калуги. Владения ея светлости княгини Натальи Петровны Голицыной. Двора их императорских величеств штатс-дамы и ордена Св. Екатерины кавалера
_dCollection de vues de la terre de Gorodnia à sept werstes de Kalouga appartenant à son exellence madame la princesse Galitzin
210 _a[Б.м.]
_cLithographie par S.Loukin
_d[182-?]
215 _a[16] отд. л. ил. в изд. обл.
_d23 x 29 см
300 _aБез ценз. разрешения
309 _aБез тит. л. Описано по изд. обл.
510 1 _aCollection de vues de la terre de Gorodnia à sept werstes de Kalouga appartenant à son exellence madame la princesse Galitzin
_zfre
702 1 _aГолицына
_bН.П.
_f1739-1837
_gНаталья Петровна
_4570
702 1 _6z01790
_aЛукин
_bС.П.
_gСтепан Прохорович
_4510
790 1 _6z01702
_aLoukin
_bS.
_7ba
801 0 _aRU
_bNLR
_c20060504
852 _aNLR
_j18.121.2.59
852 _aNLR
_bЭ
_jАлТ63/2-Г70
942 _cBOOK
980 _aNB
980 _aA1DV